[Event "Gonfreville l'Orcher II-Rennes Paul Ber"]
[Site "Rennes"]
[Date "2008.01.20"]
[Round "6.7"]
[White "Charmeteau, Sven"]
[Black "Le Montagner, Yoann"]
[Result "1-0"]
[WhiteElo "2179"]
[BlackElo "2026"]
[PlyCount "71"]
[EventDate "2008.01.20"]
[SourceDate "2007.10.25"]

1. e4 c5 2. Nc3 Nc6 3. f4 e6 4. Nf3 d5 5. d3 Nge7 6. g3 b6 7. Bg2 Bb7 8. O-O d4
9. Nb1 g6 10. Nh4 f5 11. g4 Qd7 12. gxf5 gxf5 13. Qh5+ Kd8 14. Bd2 Kc7 15. Na3
a6 16. Nc4 Qe8 17. Qxe8 Rxe8 18. Rf3 Ng6 19. Nxg6 hxg6 20. Rg3 Rh6 21. Ne5 fxe4
22. Ng4 Rh4 23. Bxe4 Bd6 24. Bxg6 Rg8 25. Nf6 Rgh8 26. Ne8+ Kd7 27. Nxd6 Kxd6
28. Rg2 Nb4 29. Be4 Bxe4 30. dxe4 Nxc2 31. Rd1 Rh3 32. Re2 Rg8+ 33. Kh1 d3 34.
Bc3 Ke7 35. Rf2 c4 36. f5 1-0

[Event "Gonfreville l'Orcher II-Rennes Paul Ber"]
[Site "Rennes"]
[Date "2008.01.20"]
[Round "6.8"]
[White "Fontaine, David"]
[Black "Ferry, Justine"]
[Result "1-0"]
[WhiteElo "2038"]
[BlackElo "1885"]
[PlyCount "77"]
[EventDate "2008.01.20"]
[SourceDate "2007.10.25"]

1. g3 e5 2. Bg2 Nc6 3. c4 f5 4. d3 Nf6 5. Nc3 g6 6. e3 Bg7 7. Nge2 O-O 8. O-O
d6 9. Rb1 Ne7 10. Qc2 c6 11. Rd1 Qc7 12. b3 Be6 13. d4 Bf7 14. Ba3 e4 15. d5
Rfd8 16. dxc6 bxc6 17. Nd4 Ng4 18. Nce2 g5 19. Nxf5 Nxf5 20. Qxe4 Nfh6 21. Qxc6
Qxc6 22. Bxc6 Rac8 23. Bd5 Ne5 24. Kg2 g4 25. Nc3 Nf5 26. e4 Ne7 27. Bxf7+ Nxf7
28. Nb5 Be5 29. Nxa7 Rc7 30. Nb5 Rcd7 31. Bc1 Nc6 32. Be3 Nb4 33. a4 h6 34. Rd2
Ng5 35. Bxg5 hxg5 36. Rbd1 Na6 37. Nd4 Nc5 38. Nc6 Bc3 39. Rd5 1-0

[Event "Lisieux-Quimper"]
[Site "Rennes"]
[Date "2008.01.20"]
[Round "6.1"]
[White "Coursaget, Nicolas"]
[Black "Bleunven, Andre"]
[Result "1/2-1/2"]
[WhiteElo "2315"]
[BlackElo "2274"]
[PlyCount "119"]
[EventDate "2008.01.20"]
[SourceDate "2007.10.25"]

1. d4 Nf6 2. c4 e6 3. Nf3 b6 4. g3 Ba6 5. b3 Bb4+ 6. Bd2 Be7 7. Bg2 c6 8. O-O
d5 9. Ne5 Nfd7 10. Nxd7 Nxd7 11. Bc3 O-O 12. Nd2 Rc8 13. e4 b5 14. Re1 dxe4 15.
Nxe4 bxc4 16. Bf1 Rb8 17. bxc4 Nb6 18. Nc5 Bxc4 19. Bxc4 Nxc4 20. Qa4 Nb6 21.
Qxa7 Ra8 22. Qb7 Nd5 23. Bd2 Bxc5 24. dxc5 Qf6 25. Qxc6 Qb2 26. Bf4 Nxf4 27.
gxf4 Rxa2 28. Rxa2 Qxa2 29. Rd1 Qe2 30. Qd6 Qg4+ 31. Kf1 h6 32. c6 Rc8 33. Rc1
Qf3 34. c7 Qh1+ 35. Ke2 Qxc1 36. Qd8+ Rxd8 37. cxd8=Q+ Kh7 38. Qd3+ g6 39. Qe4
Qb2+ 40. Ke1 Qc3+ 41. Ke2 Qh3 42. Qb7 Qf5 43. Ke3 g5 44. fxg5 hxg5 45. Qc7 e5
46. Qe7 Kg6 47. Qf8 Qf4+ 48. Ke2 g4 49. Qg8+ Kf6 50. Qh8+ Ke7 51. Qh4+ Kd7 52.
Qh8 Qf3+ 53. Ke1 Qf4 54. Qh5 Kd6 55. Qh8 Kd5 56. Qa8+ Kd4 57. Qa4+ Kd3 58. Qa3+
Ke4 59. Qa8+ Kf5 60. Qc8+ 1/2-1/2

[Event "Lisieux-Quimper"]
[Site "Rennes"]
[Date "2008.01.20"]
[Round "6.2"]
[White "Jolly, Jean Francois"]
[Black "Le Borgne, Pierre"]
[Result "1-0"]
[WhiteElo "2290"]
[BlackElo "2224"]
[PlyCount "55"]
[EventDate "2008.01.20"]
[SourceDate "2007.10.25"]

1. e4 e5 2. Nf3 Nc6 3. Bb5 a6 4. Ba4 Nf6 5. O-O Be7 6. Re1 b5 7. Bb3 d6 8. c3
O-O 9. h3 Nd7 10. d4 Nb6 11. Nbd2 exd4 12. cxd4 Nb4 13. Nf1 c5 14. a3 Nc6 15.
Ne3 c4 16. Bc2 d5 17. Ne5 Bb7 18. Nxc6 Bxc6 19. e5 f5 20. f4 a5 21. g4 g6 22.
gxf5 gxf5 23. Bxf5 Bh4 24. Bxh7+ Kxh7 25. Qh5+ Kg8 26. Qg6+ Kh8 27. Qh6+ Kg8
28. Re2 1-0

[Event "Lisieux-Quimper"]
[Site "Rennes"]
[Date "2008.01.20"]
[Round "6.3"]
[White "Bourdonnais, Loic"]
[Black "Entem, Alan"]
[Result "0-1"]
[WhiteElo "2190"]
[BlackElo "2164"]
[PlyCount "70"]
[EventDate "2008.01.20"]
[SourceDate "2007.10.25"]

1. c4 g6 2. g3 Bg7 3. Bg2 e5 4. Nc3 Ne7 5. e4 O-O 6. Nge2 Nbc6 7. O-O d6 8. d3
f5 9. Be3 Be6 10. Nd5 a5 11. Qd2 Qd7 12. Rad1 Rae8 13. f3 Rf7 14. d4 fxe4 15.
Nxc7 Qxc7 16. d5 Bxd5 17. cxd5 exf3 18. dxc6 fxe2 19. Qxe2 Rxf1+ 20. Rxf1 bxc6
21. Rc1 Qd7 22. Qa6 d5 23. Qxa5 Nf5 24. Bc5 e4 25. Qb4 d4 26. Re1 Qd5 27. Bf1
d3 28. Bg2 Nd4 29. Bxe4 Rxe4 30. Qb8+ Kf7 31. Qc7+ Kf6 32. Rxe4 Qxe4 33. Qd6+
Ne6 34. Qe7+ Kf5 35. Qf7+ Bf6 0-1

[Event "Lisieux-Quimper"]
[Site "Rennes"]
[Date "2008.01.20"]
[Round "6.5"]
[White "Marie, Maxime"]
[Black "Bodenez, Claire"]
[Result "1/2-1/2"]
[WhiteElo "2238"]
[BlackElo "2042"]
[PlyCount "53"]
[EventDate "2008.01.20"]
[SourceDate "2007.10.25"]

1. c4 e6 2. g3 d5 3. b3 Nf6 4. Bg2 c6 5. Nf3 Bd6 6. Bb2 O-O 7. O-O Re8 8. Nc3
a5 9. Rc1 Na6 10. d4 dxc4 11. bxc4 c5 12. Nb5 Be7 13. e3 Rb8 14. Ne5 Bd7 15.
Qa4 Nc7 16. Nxd7 Nxd7 17. Qxa5 b6 18. Qd2 Nxb5 19. cxb5 Qc7 20. Rfd1 Red8 21.
Qe2 Qa7 22. Rc2 cxd4 23. Bxd4 Nc5 24. Rcd2 Qc7 25. Qh5 Bd6 26. Qg5 f5 27. Bxg7
1/2-1/2

[Event "Lisieux-Quimper"]
[Site "Rennes"]
[Date "2008.01.20"]
[Round "6.6"]
[White "Baudon, Andrew"]
[Black "Barbini, Denis"]
[Result "1/2-1/2"]
[WhiteElo "1926"]
[BlackElo "2129"]
[PlyCount "58"]
[EventDate "2008.01.20"]
[SourceDate "2007.10.25"]

1. e4 d6 2. d4 Nf6 3. Nc3 g6 4. f4 Bg7 5. Nf3 c5 6. dxc5 Qa5 7. Bd2 Qxc5 8. Bd3
O-O 9. Qe2 Bg4 10. Qf2 Nfd7 11. Rb1 Nc6 12. Qg3 Bxf3 13. gxf3 Nd4 14. h4 Qh5
15. Kf2 e6 16. Ne2 Nxe2 17. Kxe2 d5 18. Qg5 Nf6 19. e5 Qxg5 20. hxg5 Nh5 21.
Rxh5 gxh5 22. Rh1 Rfd8 23. Rxh5 a5 24. Bxh7+ Kf8 25. Bd3 b6 26. a4 Kg8 27. Bh7+
Kf8 28. Bd3 Kg8 29. Bh7+ Kf8 1/2-1/2

[Event "Lisieux-Quimper"]
[Site "Rennes"]
[Date "2008.01.20"]
[Round "6.7"]
[White "Blanche, Paul"]
[Black "Brient, Yoann"]
[Result "1-0"]
[WhiteElo "2109"]
[BlackElo "1871"]
[PlyCount "37"]
[EventDate "2008.01.20"]
[SourceDate "2007.10.25"]

1. d4 Nf6 2. c4 g6 3. Nc3 Bg7 4. e4 d6 5. Be2 O-O 6. Bg5 h6 7. Be3 Nbd7 8. Qd2
Kh7 9. O-O-O e5 10. d5 Nxe4 11. Nxe4 f5 12. h4 fxe4 13. g4 Nf6 14. g5 Ng4 15.
gxh6 Bh8 16. Nh3 Nxe3 17. Ng5+ Kxh6 18. Qxe3 Rf4 19. Nf7+ 1-0

[Event "Lisieux-Quimper"]
[Site "Rennes"]
[Date "2008.01.20"]
[Round "6.8"]
[White "Le Du, Michel"]
[Black "Nadin, Stephanie"]
[Result "1-0"]
[WhiteElo "1958"]
[BlackElo "1799"]
[PlyCount "57"]
[EventDate "2008.01.20"]
[SourceDate "2007.10.25"]

1. e4 Nf6 2. e5 Nd5 3. d4 d6 4. Nf3 g6 5. c4 Nb6 6. Be2 Bg7 7. exd6 cxd6 8. Nc3
O-O 9. O-O Nc6 10. Be3 Bg4 11. b3 Re8 12. Rc1 e5 13. c5 dxc5 14. dxc5 Nd7 15.
Ne4 Bxf3 16. Bxf3 Qc7 17. Nd6 Rf8 18. Bd5 Nf6 19. Bc4 Rad8 20. Qf3 Ne8 21. Bg5
Rd7 22. Nb5 Qb8 23. Rfd1 Nd4 24. Qh3 Nxb5 25. Rxd7 Nd4 26. Be7 Nf6 27. Bxf8
Nxd7 28. Bxg7 Kxg7 29. Qxd7 1-0

[Event "Echiquier Berry Sologne-Sautron"]
[Site "Gien"]
[Date "2008.01.20"]
[Round "6.1"]
[White "Lalic, Bogdan"]
[Black "Lubczynski, Rafal"]
[Result "1-0"]
[WhiteElo "2507"]
[BlackElo "2413"]
[PlyCount "69"]
[EventDate "2008.01.20"]
[SourceDate "2007.10.25"]

1. c4 Nf6 2. Nf3 b6 3. g3 Bb7 4. Bg2 c5 5. O-O e6 6. Nc3 a6 7. Re1 Be7 8. e4 d6
9. d4 cxd4 10. Nxd4 Qc7 11. Be3 Nbd7 12. f4 O-O 13. Rc1 Rac8 14. g4 g6 15. g5
Nh5 16. f5 e5 17. Nd5 Qd8 18. Nxe7+ Qxe7 19. f6 Qd8 20. Nf5 gxf5 21. Qxh5 Kh8
22. exf5 Bxg2 23. Kxg2 Rg8 24. Kf1 Qe8 25. Qd1 e4 26. Qd5 Nc5 27. Rc3 Qd7 28.
g6 fxg6 29. f7 Rg7 30. Bd4 Rf8 31. b4 Na4 32. Ra3 b5 33. Rxe4 bxc4 34. Qe6 Qb5
35. Qf6 1-0

[Event "Echiquier Berry Sologne-Sautron"]
[Site "Gien"]
[Date "2008.01.20"]
[Round "6.2"]
[White "Pham Minh, Hoang"]
[Black "Cosma, Ioan"]
[Result "1/2-1/2"]
[WhiteElo "2475"]
[BlackElo "2451"]
[PlyCount "29"]
[EventDate "2008.01.20"]
[SourceDate "2007.10.25"]

1. d4 d5 2. c4 c6 3. Nc3 Nf6 4. Nf3 e6 5. e3 Nbd7 6. Qc2 Bd6 7. g4 dxc4 8. Bxc4
e5 9. g5 Nd5 10. Bd2 Nxc3 11. Bxc3 Qe7 12. O-O-O e4 13. Ne5 Nxe5 14. dxe5 Bxe5
15. Bxe5 1/2-1/2

[Event "Echiquier Berry Sologne-Sautron"]
[Site "Gien"]
[Date "2008.01.20"]
[Round "6.3"]
[White "Webb, Laurence"]
[Black "Stephan, Jean Marie"]
[Result "1-0"]
[WhiteElo "2304"]
[BlackElo "2222"]
[PlyCount "77"]
[EventDate "2008.01.20"]
[SourceDate "2007.10.25"]

1. e4 c5 2. Nf3 e6 3. c3 d5 4. e5 d4 5. Bd3 Nc6 6. O-O Nge7 7. Be4 Bd7 8. Na3
Ng6 9. Nc4 Qc7 10. d3 b5 11. Na3 Rb8 12. Re1 Be7 13. cxd4 cxd4 14. Nc2 O-O 15.
Ncxd4 Nxd4 16. Nxd4 Qxe5 17. Nc6 Bxc6 18. Bxc6 Qd6 19. Be4 Bf6 20. Qe2 Bd4 21.
g3 Rbc8 22. Be3 Rc5 23. Rac1 Rfc8 24. b3 Rc3 25. Rxc3 Rxc3 26. Rc1 b4 27. Bd2
Rc5 28. Rc4 a5 29. Be3 Rxc4 30. dxc4 e5 31. Qd3 Nf8 32. Kg2 Ne6 33. Bd5 Nc5 34.
Qf5 Qd7 35. Qh5 g6 36. Qh6 Qd6 37. Bg5 e4 38. Qh4 Qe5 39. Bf4 {suite illisible}
1-0

[Event "Echiquier Berry Sologne-Sautron"]
[Site "Gien"]
[Date "2008.01.20"]
[Round "6.4"]
[White "Tripoteau, Nicolas"]
[Black "Laurent, Julien"]
[Result "1-0"]
[WhiteElo "2309"]
[BlackElo "2316"]
[PlyCount "93"]
[EventDate "2008.01.20"]
[SourceDate "2007.10.25"]

1. e4 g6 2. d4 Bg7 3. Nc3 d6 4. Bc4 a6 5. a4 Nf6 6. Qe2 Nc6 7. e5 Nxd4 8. exf6
Nxe2 9. fxg7 Rg8 10. Ngxe2 Rxg7 11. Bh6 Rg8 12. O-O-O Be6 13. Bxe6 fxe6 14.
Rhe1 Qd7 15. Nf4 e5 16. Rxe5 g5 17. Bxg5 dxe5 18. Rxd7 Kxd7 19. Nh3 h6 20. Bh4
Ke6 21. Bg3 h5 22. Ne4 Kf5 23. f3 h4 24. Bxh4 Rxg2 25. Bg3 Rd8 26. b3 b6 27.
Nef2 b5 28. axb5 axb5 29. Ng4 Re2 30. Ng1 Red2 31. Kb2 Ke6 32. Nh3 Re2 33. Ng1
Rg2 34. Nh3 Rdd2 35. Ne3 Rge2 36. Ng5+ Kd7 37. Ne4 Rd4 38. Ng4 Kc8 39. Nxe5 Rg2
40. Nc6 Rd1 41. Na7+ Kb7 42. Nxb5 Rf1 43. Nd4 Kb6 44. b4 c6 45. Kc3 Rc1 46. Nc5
Rf1 47. Nd3 1-0

[Event "Echiquier Berry Sologne-Sautron"]
[Site "Gien"]
[Date "2008.01.20"]
[Round "6.5"]
[White "Chaumont, Adeline"]
[Black "Sorin, Baptiste"]
[Result "0-1"]
[WhiteElo "2063"]
[BlackElo "2145"]
[PlyCount "120"]
[EventDate "2008.01.20"]
[SourceDate "2007.10.25"]

1. d4 d5 2. c4 e6 3. Nc3 Nf6 4. cxd5 exd5 5. Bg5 Be7 6. e3 O-O 7. Bd3 Nbd7 8.
Nf3 b6 9. O-O Bb7 10. Rc1 c5 11. Bf5 Re8 12. Qd3 h6 13. Bh4 Ne4 14. Bxe7 Qxe7
15. Rfd1 c4 16. Qc2 Nd6 17. Bh3 b5 18. Ne2 a5 19. Nf4 b4 20. Bxd7 Qxd7 21. Ne5
Qb5 22. Qe2 a4 23. Nh5 Bc8 24. Qf3 Ra6 25. Nf4 Be6 26. Nh5 Ne4 27. Qf4 c3 28.
bxc3 Nxc3 29. Rxc3 bxc3 30. Qg3 g5 31. Nf6+ Kf8 32. Nxe8 Kxe8 33. Rc1 c2 34. h4
f6 35. Ng4 Qb2 36. Nxf6+ Kd8 37. Rxc2 Qxc2 38. Qb8+ Qc8 39. Qb4 Qc1+ 40. Kh2
Qc7+ 41. g3 Qd6 42. Qb5 Bf7 43. hxg5 hxg5 44. Ng4 Be8 45. Qb7 Rb6 46. Qa8+ Ke7
47. Ne5 Bd7 48. Kg2 g4 49. Qg8 Qe6 50. Qg7+ Kd6 51. Qf8+ Kc7 52. Qa8 Qh6 53.
Qa7+ Rb7 54. Qa5+ Kc8 55. Qc5+ Rc7 56. Qa3 Qh3+ 57. Kg1 Bb5 58. Nc4 Rxc4 59.
Qf8+ Kb7 60. Qf7+ Rc7 0-1

[Event "Echiquier Berry Sologne-Sautron"]
[Site "Gien"]
[Date "2008.01.20"]
[Round "6.6"]
[White "Rate, Bruno"]
[Black "Senderovic, Salko"]
[Result "1-0"]
[WhiteElo "2105"]
[BlackElo "2093"]
[PlyCount "75"]
[EventDate "2008.01.20"]
[SourceDate "2007.10.25"]

1. d4 d5 2. Nf3 g6 3. g3 Bg7 4. Bg2 Nf6 5. O-O O-O 6. c3 b6 7. Nbd2 Nbd7 8. e4
Nxe4 9. Nxe4 dxe4 10. Ng5 Nf6 11. Nxe4 Nxe4 12. Bxe4 Rb8 13. Bf4 Bb7 14. Bxb7
Rxb7 15. Qf3 Rb8 16. Qc6 Rc8 17. Rfe1 e6 18. Rad1 g5 19. Bc1 h6 20. f4 gxf4 21.
Bxf4 Qe8 22. Qb7 Qa4 23. a3 Qb3 24. Rd2 Qa4 25. d5 exd5 26. Rxd5 Rfe8 27. Rxe8+
Rxe8 28. Qxc7 Re1+ 29. Kf2 Qe4 30. Qc8+ Kh7 31. Qf5+ Qxf5 32. Rxf5 Rb1 33. Rxf7
Rxb2+ 34. Kf3 Kg6 35. Rxa7 Bxc3 36. Rc7 Bg7 37. Rc6+ Kh7 38. Bc7 1-0

[Event "Echiquier Berry Sologne-Sautron"]
[Site "Gien"]
[Date "2008.01.20"]
[Round "6.7"]
[White "Pouillot, Eric"]
[Black "Lebreton, Flavien"]
[Result "0-1"]
[WhiteElo "2066"]
[BlackElo "1889"]
[PlyCount "58"]
[EventDate "2008.01.20"]
[SourceDate "2007.10.25"]

1. e4 c5 2. Nf3 d6 3. d4 cxd4 4. Nxd4 Nf6 5. Nc3 a6 6. Bg5 e6 7. f4 Nbd7 8. Bc4
Qc7 9. Bb3 Nc5 10. Bxf6 gxf6 11. Qe2 b5 12. f5 b4 13. Nd1 e5 14. Nf3 Bb7 15.
Nf2 Nxb3 16. cxb3 d5 17. exd5 Rd8 18. O-O Bc5 19. Kh1 Bxf2 20. Rxf2 Rxd5 21.
Nd2 Rd4 22. Nc4 Rh4 23. Kg1 Qc5 24. Qe3 Rxc4 25. Qd2 Rf4 26. Rd1 Qxf2+ 27. Qxf2
Rxf2 28. Kxf2 Ke7 29. Rc1 Rc8 0-1

[Event "Echiquier Berry Sologne-Sautron"]
[Site "Gien"]
[Date "2008.01.20"]
[Round "6.8"]
[White "Brizard, Sophie"]
[Black "Fota, Daniel"]
[Result "0-1"]
[WhiteElo "1499"]
[BlackElo "1922"]
[PlyCount "36"]
[EventDate "2008.01.20"]
[SourceDate "2007.10.25"]

1. d4 Nf6 2. e4 Nxe4 3. Nc3 Nf6 4. Be3 d5 5. Nf3 Bg4 6. Be2 e6 7. O-O c6 8. Bg5
h6 9. Bh4 Nbd7 10. Qd2 Be7 11. Na4 Ne4 12. Qd3 Bxh4 13. Rfd1 Bxf2+ 14. Kf1 Qc7
15. b4 Ndf6 16. Qb3 Bxf3 17. gxf3 Qxh2 18. Bd3 Ng3# 0-1

[Event "Bagneux-Orleans"]
[Site "Gien"]
[Date "2008.01.20"]
[Round "6.1"]
[White "Emodi, Barnabas"]
[Black "Perrin, Guillaume"]
[Result "1/2-1/2"]
[WhiteElo "2365"]
[BlackElo "2272"]
[PlyCount "52"]
[EventDate "2008.01.20"]
[SourceDate "2007.10.25"]

1. d4 d5 2. Bg5 c6 3. Nc3 Qb6 4. Rb1 Bf5 5. e3 Nd7 6. Bd3 Bxd3 7. cxd3 e5 8.
dxe5 Nxe5 9. Nf3 Nxf3+ 10. Qxf3 Be7 11. Bxe7 Nxe7 12. O-O O-O 13. d4 f5 14. g3
Rf6 15. b4 Qd8 16. Rfc1 Qd7 17. b5 cxb5 18. Nxb5 Rc6 19. Rxc6 Qxc6 20. Rb3 a6
21. Nc3 b5 22. Ne2 Rc8 23. Rc3 Qb7 24. Rxc8+ Qxc8 25. Qf4 Qc2 26. Qd6 Qb1+
1/2-1/2

[Event "Bagneux-Orleans"]
[Site "Gien"]
[Date "2008.01.20"]
[Round "6.2"]
[White "Spitz, Christophe"]
[Black "Sinkovics, Peter"]
[Result "1/2-1/2"]
[WhiteElo "2157"]
[BlackElo "2355"]
[PlyCount "66"]
[EventDate "2008.01.20"]
[SourceDate "2007.10.25"]

1. e4 e5 2. Nf3 Nc6 3. d4 exd4 4. Bc4 Nf6 5. O-O Nxe4 6. Re1 d5 7. Bxd5 Qxd5 8.
Nc3 Qa5 9. Nxe4 Be6 10. Bd2 Bb4 11. Nxd4 Nxd4 12. c3 Be7 13. cxd4 Qd5 14. Qa4+
Qd7 15. Qxd7+ Kxd7 16. Nc5+ Bxc5 17. dxc5 Kc6 18. Be3 Rhd8 19. f3 a5 20. Kf2 a4
21. a3 Bb3 22. Rac1 Rd3 23. Rc3 Rxc3 24. bxc3 Re8 25. Bf4 Be6 26. Re4 Ra8 27.
Ke3 Ra5 28. Kd2 Rxc5 29. Rxa4 Rc4 30. Rxc4+ Bxc4 31. Ke3 Kb6 32. h4 c5 33. Bd6
Kc6 1/2-1/2

[Event "Bagneux-Orleans"]
[Site "Gien"]
[Date "2008.01.20"]
[Round "6.3"]
[White "Dussart, Frederic"]
[Black "Vaillant, Stephane"]
[Result "1-0"]
[WhiteElo "2260"]
[BlackElo "2015"]
[PlyCount "89"]
[EventDate "2008.01.20"]
[SourceDate "2007.10.25"]

1. e4 e6 2. Qe2 c5 3. Nf3 Nc6 4. g3 g6 5. Bg2 Bg7 6. O-O Nge7 7. c3 O-O 8. d3
d6 9. Be3 e5 10. Qd2 Qc7 11. d4 b6 12. Na3 a6 13. h3 Bb7 14. Rad1 Rad8 15. d5
Nb8 16. Bh6 Nd7 17. Nc2 b5 18. Nh2 c4 19. Bxg7 Kxg7 20. f4 f6 21. Ng4 Ng8 22.
h4 Nc5 23. Nce3 Rde8 24. f5 Bc8 25. Qc2 Bd7 26. Rf3 Rc8 27. Rdf1 Rce8 28. Bh3
Bc8 29. Kh2 Qd8 30. Nf2 Rf7 31. Qe2 Ref8 32. fxg6 hxg6 33. Bxc8 Qxc8 34. h5 Qd8
35. hxg6 Kxg6 36. Nf5 Rh7+ 37. Nh4+ Kf7 38. Ng4 Ke8 39. Qe3 Kd7 40. Nxe5+ Kc7
41. Nc6 Qe8 42. e5 Qg6 43. exd6+ Kxd6 44. Qf4+ Kd7 45. Ne5+ 1-0

[Event "Bagneux-Orleans"]
[Site "Gien"]
[Date "2008.01.20"]
[Round "6.4"]
[White "Bernardin, Thierry"]
[Black "Goerlinger, Stephane"]
[Result "1/2-1/2"]
[WhiteElo "1983"]
[BlackElo "2210"]
[PlyCount "64"]
[EventDate "2008.01.20"]
[SourceDate "2007.10.25"]

1. Nf3 Nf6 2. g3 g6 3. Bg2 Bg7 4. O-O O-O 5. d3 d5 6. Nbd2 Re8 7. e4 e5 8. c3
Nc6 9. Re1 Bh6 10. Qc2 Be6 11. Nb3 dxe4 12. dxe4 Qc8 13. Be3 Bh3 14. Rad1 b6
15. Nbd2 Bxg2 16. Kxg2 Ng4 17. Nf1 Qe6 18. b3 Rad8 19. Rxd8 Rxd8 20. Rd1 Rd6
21. Rxd6 Qxd6 22. Qd2 Bxe3 23. Nxe3 Qxd2 24. Nxd2 Ne7 25. Kf1 f5 26. Ke2 Kf7
27. Nd5 Nxd5 28. exd5 e4 29. c4 Ke7 30. f3 exf3+ 31. Nxf3 Nf6 32. Kd3 Kd6
1/2-1/2

[Event "Bagneux-Orleans"]
[Site "Gien"]
[Date "2008.01.20"]
[Round "6.5"]
[White "Gollain, Marc"]
[Black "Maurel, Jean Louis"]
[Result "1-0"]
[WhiteElo "2193"]
[BlackElo "1987"]
[PlyCount "47"]
[EventDate "2008.01.20"]
[SourceDate "2007.10.25"]

1. Nf3 g6 2. c4 Bg7 3. Nc3 e5 4. d4 exd4 5. Nxd4 Nc6 6. Nc2 d6 7. e4 Be6 8. Nd5
h6 9. Bd3 Nf6 10. O-O O-O 11. Rb1 Ne5 12. f4 Nxd3 13. Qxd3 Nxd5 14. cxd5 Bd7
15. f5 g5 16. b3 Be5 17. Bb2 Qf6 18. Bxe5 Qxe5 19. Rbe1 Qf6 20. Qh3 Rae8 21.
Kh1 Re5 22. Ne3 Rxe4 23. Ng4 Qd4 24. Rxe4 1-0

[Event "Bagneux-Orleans"]
[Site "Gien"]
[Date "2008.01.20"]
[Round "6.6"]
[White "Gastal, Laurent"]
[Black "Bartha, Sandor"]
[Result "1-0"]
[WhiteElo "1983"]
[BlackElo "2139"]
[PlyCount "103"]
[EventDate "2008.01.20"]
[SourceDate "2007.10.25"]

1. e4 c5 2. c3 b6 3. d4 Bb7 4. Nd2 e6 5. Ngf3 g6 6. Be2 Bg7 7. dxc5 bxc5 8. Nc4
d5 9. exd5 Bxd5 10. Ne3 Bc6 11. Qxd8+ Kxd8 12. O-O Nd7 13. Rd1 Ke7 14. Nc4 f6
15. Be3 Bh6 16. Na5 Bd5 17. Bb5 Bxe3 18. fxe3 Rd8 19. c4 Ba8 20. Bc6 Nh6 21.
Bxa8 Rxa8 22. Nc6+ Ke8 23. Rd6 Nf7 24. Rxe6+ Kf8 25. Rd1 Re8 26. Rxe8+ Kxe8 27.
Nxa7 Ke7 28. Nb5 g5 29. Rd5 g4 30. Nh4 Nfe5 31. b3 Rf8 32. e4 Kf7 33. Nf5 Kg6
34. Nfd6 Kg5 35. Nb7 Kf4 36. Nxc5 Nxc5 37. Rxc5 Kxe4 38. Rd5 h5 39. a4 h4 40.
a5 h3 41. a6 hxg2 42. Kxg2 f5 43. a7 Ra8 44. Nd6+ Kf4 45. Ra5 Nc6 46. Rxf5+ Ke3
47. Rc5 Nxa7 48. Rc7 Rd8 49. c5 Ra8 50. b4 Kf4 51. b5 Nxb5 52. Rf7+ 1-0

[Event "Bagneux-Orleans"]
[Site "Gien"]
[Date "2008.01.20"]
[Round "6.7"]
[White "Payen, Gerard"]
[Black "Dussert, Philippe"]
[Result "1-0"]
[WhiteElo "1793"]
[BlackElo "1863"]
[PlyCount "67"]
[EventDate "2008.01.20"]
[SourceDate "2007.10.25"]

1. e4 Nf6 2. Nc3 e5 3. Bc4 d6 4. h3 Nc6 5. a3 Be7 6. d3 Be6 7. Nd5 Qd7 8. Nf3
Na5 9. Nxf6+ gxf6 10. Bxe6 fxe6 11. Bd2 Nc6 12. Qe2 O-O-O 13. O-O-O d5 14. Qe1
Qd6 15. Kb1 Qc5 16. Bb4 Nxb4 17. axb4 Qb5 18. Qc3 Bxb4 19. Qb3 Qa5 20. c3 Be7
21. Kc2 Qc5 22. d4 exd4 23. Nxd4 Rd6 24. Qb5 Qxb5 25. Nxb5 Rb6 26. Nd4 dxe4 27.
g4 Bc5 28. Rhf1 Bxd4 29. Rxd4 f5 30. Rfd1 c5 31. Rd7 h6 32. Rf7 fxg4 33. hxg4
Rd8 34. Re1 1-0

[Event "Evry Grand Roque II-Cergy Pontoise"]
[Site "Evry"]
[Date "2008.01.20"]
[Round "6.1"]
[White "Brochet, Philippe"]
[Black "Bernard, Christophe"]
[Result "1-0"]
[WhiteElo "2389"]
[BlackElo "2364"]
[PlyCount "76"]
[EventDate "2008.01.20"]
[SourceDate "2007.10.25"]

1. e4 c5 2. Nf3 d6 3. Bb5+ Bd7 4. Bxd7+ Qxd7 5. O-O Nc6 6. Qe2 Nf6 7. Rd1 g5 8.
c3 g4 9. Ne1 Qe6 10. d3 c4 11. d4 d5 12. e5 Nd7 13. b3 Na5 14. Nd2 Nb6 15. Nc2
Bh6 16. bxc4 Nbxc4 17. Nxc4 Nxc4 18. Bxh6 Qxh6 19. Qxg4 e6 20. Rd3 O-O-O 21.
Ne3 Rhg8 22. Qf3 f5 23. Nxc4 dxc4 24. Rdd1 Rd5 25. Rab1 Rg7 26. Rb4 Rc7 27. Qe2
b5 28. a4 a6 29. axb5 axb5 30. Ra1 Rb7 31. Rbb1 Qg6 32. Ra8+ Kd7 33. Qa2 f4 34.
Rf8 Ke7 35. Qa3+ Kd7 36. Ra1 b4 37. Qa8 Rdb5 38. Qd8+ Kc6 1-0

[Event "Evry Grand Roque II-Cergy Pontoise"]
[Site "Evry"]
[Date "2008.01.20"]
[Round "6.2"]
[White "Marcantoni, Herve"]
[Black "Moussard, Jules"]
[Result "1/2-1/2"]
[WhiteElo "2211"]
[BlackElo "2241"]
[PlyCount "80"]
[EventDate "2008.01.20"]
[SourceDate "2007.10.25"]

1. e4 c5 2. Nf3 d6 3. d4 cxd4 4. Nxd4 Nf6 5. Nc3 a6 6. Bg5 e6 7. Qd3 Nc6 8. Rd1
h6 9. Bc1 e5 10. Nxc6 bxc6 11. Be2 Be6 12. Qg3 g5 13. O-O Be7 14. b3 Qc7 15.
Ba3 g4 16. Qd3 d5 17. Bxe7 Kxe7 18. f3 h5 19. Qd2 gxf3 20. Bxf3 d4 21. Na4 c5
22. c3 Qd6 23. Qf2 a5 24. Qh4 Rag8 25. Rd2 Rg6 26. Rdf2 Ke8 27. Be2 Ng4 28.
Bxg4 Rxg4 29. Qf6 Rhg8 30. Qh6 Rxg2+ 31. Rxg2 Rxg2+ 32. Kh1 Rg8 33. Qxh5 dxc3
34. Nxc3 Qd2 35. Qf3 Rh8 36. Rf2 Qe1+ 37. Rf1 Qh4 38. Rf2 Rg8 39. Nd5 Kd8 40.
Nc3 Ke8 1/2-1/2

[Event "Evry Grand Roque II-Cergy Pontoise"]
[Site "Evry"]
[Date "2008.01.20"]
[Round "6.3"]
[White "Betton, Olivier"]
[Black "Yacob, Francois"]
[Result "1-0"]
[WhiteElo "2197"]
[BlackElo "2174"]
[PlyCount "71"]
[EventDate "2008.01.20"]
[SourceDate "2007.10.25"]

1. c4 Nf6 2. g3 e5 3. Bg2 d6 4. Nc3 Be7 5. e4 Nc6 6. Nge2 O-O 7. O-O Be6 8. b3
Nd7 9. Bb2 Nc5 10. d4 exd4 11. Nxd4 Nxd4 12. Qxd4 Bf6 13. Qd2 a5 14. Nd5 Bxb2
15. Qxb2 Re8 16. Qc2 Bxd5 17. cxd5 Qf6 18. Rad1 Re7 19. f3 h5 20. Rfe1 h4 21.
Qf2 hxg3 22. hxg3 Qc3 23. f4 Rae8 24. e5 Qb4 25. Rd4 Qb6 26. e6 fxe6 27. dxe6
Nxe6 28. Rde4 Qxf2+ 29. Kxf2 Kf7 30. Ra4 b6 31. Bc6 Rd8 32. Rae4 Kf6 33. g4 g6
34. Bd5 Rde8 35. Bc6 Nc5 36. g5+ 1-0

[Event "Evry Grand Roque II-Cergy Pontoise"]
[Site "Evry"]
[Date "2008.01.20"]
[Round "6.4"]
[White "Jaulin, Marc"]
[Black "Maisuradze, Nino"]
[Result "0-1"]
[WhiteElo "2140"]
[BlackElo "2270"]
[PlyCount "72"]
[EventDate "2008.01.20"]
[SourceDate "2007.10.25"]

1. e4 c5 2. Nc3 Nc6 3. f4 g6 4. Nf3 Bg7 5. Bb5 d6 6. d3 Bd7 7. O-O e6 8. Bd2
Nge7 9. Qe1 O-O 10. f5 exf5 11. Qh4 Nd4 12. Bxd7 Qxd7 13. Nxd4 cxd4 14. Ne2
fxe4 15. dxe4 d5 16. Rad1 dxe4 17. Qxe4 Nc6 18. Kh1 Qe6 19. Qd3 Qxa2 20. b3 Qa3
21. Qb5 Qe7 22. Rfe1 Qc7 23. Bc1 Qb6 24. Qg5 Rfe8 25. Ng3 Qa5 26. Ne4 Qxg5 27.
Bxg5 Re6 28. Nc5 Rxe1+ 29. Rxe1 b6 30. Nd7 h6 31. Bf6 Bxf6 32. Nxf6+ Kg7 33.
Ne8+ Kf8 34. Nf6 Rd8 35. Kg1 Nb4 36. Re2 Rc8 0-1